| 000 | 02118nam2a22002891 4500 | ||
|---|---|---|---|
| 001 | v19\rc\1231325 | ||
| 005 | 20260406055715.0 | ||
| 035 | _a(NLR Aleph) 005188020 | ||
| 090 |
_a5183938 _c5183938 |
||
| 100 | _a20060306d1894 |||y0rusy50 ca | ||
| 101 | 1 |
_arus _cgre |
|
| 102 | _aRU | ||
| 105 | _ab z ||||| | ||
| 200 | 1 |
_aО названиях местностей, встречающихся в священном писании [около 320 года] _f[соч.] Евсевия Памфилова, епископа Кесарии Палестинской |
|
| 210 |
_d1894 _aБ. м. |
||
| 215 |
_a[6], IV, 547 с., 1 л. карт. _d27 |
||
| 300 | _aНа обл.: "37-й вып." | ||
| 423 | 0 |
_12001#$aО положении и названиях еврейских местностей [около 388 года]$f[соч.] Блаженного Иеронима, пресвитера Стридонского$gперевел и объяснил И. Помяловский _1700#0$3RU\NLR\AUTH\779243$7ca$aИероним Блаженный$fок.340-420 _tО положении и названиях еврейских местностей [около 388 года] _aИероним Блаженный (ок.340-420) |
|
| 461 | 0 |
_1001v19\rc\1231292 _12001#$aПравославный Палестинский сборник$fизд. Императ. Православ. Палест. о-ва$vТ. 13, вып. 1 (37) _95183708 _cС.-Петербург _d1881-1916 _fизд. Императ. Православ. Палест. о-ва _nПравославное Палестинское общество _tПравославный Палестинский сборник _vТ. 13, вып. 1 (37) |
|
| 700 | 0 |
_8rus _7ca _aЕвсевий Памфил _cепископ Кесарийский _fок.263-340 _3RU\NLR\AUTH\7710044 _9119829 |
|
| 702 | 1 |
_4730 _4212 _8rus _7ca _aПомяловский _bИ. В. _f1845-1906 _gИван Васильевич _3RU\NLR\AUTH\7753352 _936284 |
|
| 801 | 0 |
_aRU _bNLR _gpsbo |
|
| 801 | 1 |
_aRU _bProSoft-M _2rusmarc |
|
| 801 | 2 |
_aRU _bNLR _c20060320 _2rusmarc |
|
| 852 |
_aNLR _j18.311.1.9 |
||
| 942 | _cBOOK | ||
| 980 | _aNB | ||